| 000 | 01121nam a2200289 i 4500 | ||
|---|---|---|---|
| 005 | 20220316235437.0 | ||
| 008 | 121119s2002 ck a gs 000 j spa d | ||
| 020 | _a9583003255 | ||
| 040 |
_aCO-BoRNBP _bspa _cCO-BoRNBP _erda |
||
| 041 | 1 | _aspa | |
| 100 | 1 |
_aAndersen, Hans Christian _eautor |
|
| 245 | 1 | 0 |
_aHans Christian Andersen _ctraducido por Birgitte Bonning ; ilustrado por Juan Sierra |
| 250 | _aTercera edición | ||
| 264 | 1 |
_aBogotá _bPanamericana _c2002 |
|
| 300 |
_a173 páginas _bilustraciones _c15 cm |
||
| 336 |
_atexto _btxt _2rdacontent |
||
| 337 |
_asin mediación _bn _2rdamedia |
||
| 338 |
_avolumen _bnc _2rdacarrier |
||
| 490 | 0 | _aCajón de cuentos | |
| 505 | 1 | _aEl traje nuevo del emperador ; la colina de los elfos ; Es la pura verdad ; El viejo farol callejero ; El trigo sarraceno ; El proquerizo ; Los saltarines ; la familia feliz | |
| 650 | 1 | 4 |
_aCuentos infantiles suecos _xColecciones _2LEMB |
| 650 | 1 | 4 |
_aLiteratura infantil sueca _2LEMB |
| 700 | 1 |
_aSierra, Juan Ramón, _eilustrador _9110696 |
|
| 700 | 1 |
_aBonning, Birgitte, _etraductor _9125663 |
|
| 942 |
_2loc _cBKINF |
||
| 084 | _aC AND2 | ||
| 999 |
_c981 _d981 |
||